Länder Osteuropas zuordnen - Statistiken

Allgemein
  • Dieses Quiz wurde 97 mal gespielt
  • Das Durchschnittsergebnis liegt bei 18 aus 21
Antworten auf der Karte
Die Antworten werden auf der Karte rot bzw. grün angezeigt, abhängig davon wie oft sie richtig erraten wurden.
 
Antwortstatistiken
Antwort % Korrekt
Russland
99%
Estland
94%
Polen
94%
Ukraine
94%
Belarus
93%
Lettland
90%
Litauen
90%
Kroatien
89%
Tschechien
89%
Bosnien und
Herzegowina
81%
Serbien
81%
Albanien
80%
Moldawien
80%
Slowenien
80%
Rumänien
79%
Slowakei
79%
Ungarn
77%
Bulgarien
74%
Nordmazedonien
74%
Montenegro
73%
Kosovo
71%
Keine übereinstimmenden Quizze gefunden
Verteilung der Resultate
Anzahl Personen mit jedem Resultat
Perzentil nach korrekt beantworteten Fragen
Ihre Resultats-Entwicklung
Sie haben dieses Quiz noch nicht gespielt